LEADER 01149nam a2200289 a 4500 001 000000127969 003 CaOOAMICUS 005 20120313112934.0 008 120313s2012 it u000 u ita r 020 $a978-88-598-0752-0 040 $aPUL$bita 082 04$a345.4505 100 1 $aChiavario, Mario.$0(OLS)http://pul/name/28790 245 10$aDiritto processuale penale :$bprofilo istituzionale /$cMario Chiavario. 250 $a5. ed. 260 $aTorino :$bUTET Giuridica,$c2012. 300 $aXXX, 954 p. ;$c24 cm. 500 $aInclude indice. 650 4$aDiritto processuale penale.$0(OLS)http://pul/subject/3721 850 $aPUL 852 $aPUL$W1$xSL Diritto e Scienze Sociali 3$y79$m345. 4505 CHIMA 1$j148129$qDDC 21$q $B146721$CPULBib$Z2$F146721 $H119292 $81 941 1 $a9 996 $6020$a978-88-598-0752-0$9(OLS)http://pul/number/149170 996 $6082$a345.4505$9(OLS)http://pul/classification/385 996 $6245$aDiritto processuale penale :$bprofilo istituzionale$9(OLS)http://pul/title/161716 996 $6260$aTorino :$bUTET Giuridica$9(OLS)http://pul/publisher/79191 LEADER 01311nam a2200325 a 4500 001 000000130033 003 CaOOAMICUS 005 20120912145100.0 008 120912s2012 it a 000 0 ita r 040 $aPUL$bita 082 04$a750 100 1 $aDi Majo, Ippolita.$0(OLS)http://pul/name/83284 245 10$aRaffaello /$cIppolita Di Majo. 250 $aEd. speciale per il Sole 24 Ore. 260 $aMilano :$bIl Sole 24 ore,$c2012$aFirenze :$bE-ducation.it S.p.a.,$c2012. 300 $a157 p. :$bill. ;$c21 cm 490 1 $aI grandi maestri ;$v18 500 $aIn custodia. 504 $aInclude riferimenti bibliografici. 600 04$aRaffaello Sanzio,$d1483-1520.$0(OLS)http://pul/subject/3749 830 2$aI grandi maestri ;$v18.$0(OLS)http://pul/title/162243 850 $aPUL 852 $aPUL$W1$xDP2 Cons. Gen., Altre Classi 3$y97$m750 COLL 2.18$j150565$qDDC 21$B149122$CPULBib$Z2$F149122 $H120350 $82 941 1 $a9 960 $aSanzio, Raffaello,$d1483-1520$93749 996 $6082$a750$9(OLS)http://pul/classification/363 996 $6245$aRaffaello$9(OLS)http://pul/title/106754 996 $6260$aMilano :$bIl Sole 24 ore$9(OLS)http://pul/publisher/69212 996 $6260$aFirenze :$bE-ducation.it S.p.a.$9(OLS)http://pul/publisher/81559